000 00645nam a2200277Ia 4500
005 20260324122136.0
008 008 260324s9999 xx 000 0 eng d
020 _a9780203807217
037 _aEBOOK
040 _aCRL
040 _beng
040 _cCRL
041 _2eng
041 _aeng
084 _qCRL
100 _aIan Henry; Ling-Mei Ko
_91165281
245 0 _aRoutledge Handbook of Sport Policy
260 _bTaylor and Francis
260 _c2013
365 _a
365 _b360
856 _uhttp://www.taylorfrancis.com/books/9780203807217
942 _cEBOOK
999 _c1757805
_d1757805